000 00458nam a2200181 i 4500
001 bg
100 1 _aADAMOWICZ, Zofia
245 0 _aLogika matematyczna /
_cZofia Adamowicz, Paweł Zbierski.
260 _aWarszawa,
_c1991.
650 9 _aLogika matematyczna
655 _aPodręczniki akademickie
700 1 _aZBIERSKI, Paweł
040 _cBPK
041 _apol
080 _a510.6(075.8)
942 _cKS
008 s pl f |000 0 pol
999 _c4527
_d4527
856 _uhttp://koha.tu.koszalin.pl/cgi-bin/koha/opac-detail.pl?biblionumber=4527
_yKatalog online BPK